| 000 | 01472nam a2200229Ia 4500 | ||
|---|---|---|---|
| 003 | Ost | ||
| 005 | 20260507075555.0 | ||
| 008 | 260507s9999||||xx |||||||||||||| ||und|| | ||
| 020 | _a9957021443 | ||
| 040 | _cfsecg | ||
| 041 | _aara | ||
| 082 | _a330 | ||
| 100 |
_aالموسوي، سنان _eمؤلف |
||
| 245 | 0 |
_aادارة الموارد البشرية و تأثيرات العولمة عليها / _c سنان الموسوي |
|
| 260 |
_aعمان: _bدار المجدلاوي للنشر و التوزيع, _c2006 |
||
| 300 |
_a313 صفحة؛ _bإيضاحات ؛ _c24 سم |
||
| 504 | _aمراجع ص.304 | ||
| 520 | _aادارة الموارد البشرية (نظرة عامة) و ادارة الموارد البشرية (التنظيم) و كذا الوظائف (تحليلها و توصيفها) و تخطيط الموارد البشرية و اختيار و تعيين العاملين بالاضافة الى الاجور و تقويم الوظائف, تقويم آداء العاملين و كذا تدريبهم و ترقية و نقل و انضباط العاملين و التقاعد و تحفيز العاملين و كذلك السلامة المهنية و العولمة و تاثيراتها على الموارد البشرية و في الاخير عولمة الموارد البشرية (الفرص و التحديات). | ||
| 653 | _aادارة الافراد | ||
| 653 | _aادارة الموارد البشرية | ||
| 942 | _cكتاب | ||
| 999 |
_c44959 _d44959 |
||